000
00312nam a2200133Ia 4500
008
230312s9999||||xx |||||||||||||| ||und||
082
_a
612
_b
BAS
100
_a
Katzung,Bertram.G
245
0
_a
Basic and Clinical Pharmacology
300
_a
1218
546
_a
Eng.
650
_a
Medical
_v
Pharmacology
942
_c
BK
999
_c
4456
_d
4456